• 首页
  • 本馆介绍
  • 公告通知
  • 最新文献
  • 馆藏检索
  • 电子资源
  • 读者导购
  • 参考咨询
  • 我的图书馆
  • 登录
  • 详细信息显示
  • 放入我的书架
  • 预约/预借图书
  • 作者相关作品
  • 分类相关作品
  • 丛书相关作品
  • 出版社相关作品

书目信息

  • 表格格式
  • 工作单格式
  • 卡片格式
题名:
马克思恩格斯全集
    
 
作者: ;中共中央马恩列斯著作编译局 编译
分册: 第十三卷  
出版信息: 北京   人民出版社  1962.11
页数: 835页
开本: 21cm
丛书名:
单 册:
中图分类: A1
科图分类:
主题词: 马恩著作
电子资源:
ISBN:
000 00608nam0 2200193 45
001 0181023384
005 20060811154056.90
010    @dCNY2.15@b精装
091    @a1001.533
100    @a20810111d km y0chiy0120 ea
101 0  @achi
200 1  @a马克思恩格斯全集@AMa Ke Si En Ge Si Quan Ji@h第十三卷@f中共中央马恩列斯著作编译局编译@FZhong Gong Zhong Yang Ma En Lie Si Zhu Zuo Bian Yi Ju Bian Yi
210    @a北京@c人民出版社@d1962.11
215    @a835页@d21cm
606 0  @a马恩著作
690    @aA1@v3
711 02 @a中共中央马恩列斯著作编译局@4编译
801    @aCN@bTSTC@c20060811
905    @dA1@e2:13@f1@b29640
    
    马克思恩格斯全集.第十三卷/中共中央马恩列斯著作编译局编译.-北京:人民出版社,1962.11
    835页;21cm
    
    
    ISBN (精装):CNY2.15
    
●
相关链接 在E读中查询图书 在五车中查询图书 在当当中查询图书 在豆瓣中查询图书


正题名:马克思恩格斯全集     索取号:A1/2:13         预约/预借

序号 登录号 条形码 馆藏地/架位号 状态 备注
1 0029640   001979540   第一借阅区/ [索取号:A1/2:13] 在馆    
2 0122392   002044905   第一样本阅览室/ [索取号:A1/2:13] 在馆    
3 0448762   204487625   密集书库/ [索取号:A1/2:13] 在馆    
唐山师范学院图书馆 欢迎您!
大连网信软件有限公司© 版权所有